Información sobre el memorial de arrendamiento de Puertos Secos de Castilla, por parte de Juan Núñez de Vega

Detalles Bibliográficos
Otros Autores: Juan Núñez de Vega
Formato: Libro
Publicado: Valencia, 1621
Materias:
Colección:Banco de datos
Acervo:Biblioteca Palafoxiana. Colección de Manuscritos
Descripción Física:5 f. ; 20.7 x 27.8 cm.
Tema general:Civil
LEADER 00453nam a22001450004500
035 |a 472 
245 1 0 |a Información sobre el memorial de arrendamiento de Puertos Secos de Castilla, por parte de Juan Núñez de Vega 
260 |a Valencia, 1621 
300 |a 5 f. ; 20.7 x 27.8 cm. 
650 1 0 |a Civil 
700 1 |a Juan Núñez de Vega 
949 |a 19426/002 
942 |c PALAMANU 
943 |g Biblioteca Palafoxiana. Colección de Manuscritos 
999 |c 1068417  |d 1068417